LDR 00725naa#a2200229#i#450# 001 EN\\bibl\121738 005 20260501215013.5 011 ## _a3034-4689 100 ## _a20260424b2026####ek#y0engy0150####ca 102 ## _aRU 200 1# _aUSE OF VISBREAKING RESIDUE AS A RAW MATERIAL FOR THE PRODUCTION OF OXIDIZED BITUMEN _eJournal article 210 1# _aKazan _cKazan National Research Technological University _d2026 215 ## _a5 с. 608 ## _aJournal article _2local 700 #1 _aSadykov _gDaniyar Shamilevich 700 #1 _a _g 700 #1 _aEmelyanycheva _gElena Anatol'evna 700 #1 _aPustynnikov _gA. Yu. 700 #1 _aHasanzyanova _gL. V. 700 #1 _aKukin _gA. S. 700 #1 _aBashkitseva _gNatalia Yur'evna 856 4# _avestniktu.ru _u